000 00880cam a2200289 a 4500
001 51881
003 BD-RJUL
005 20211209075727.0
008 160904s19711977enkak b 001 0 eng d
020 _a0632054301
035 _aBD-RJUL 52001
040 _aDLC
_cDLC
_dm.c
_beng
041 _aeng
060 0 _aHA 29 A733s 1971
082 _a610.72
_bARS 1977
100 1 _aArmitage, P.
_q(Peter)
_9155174
245 1 0 _aStatistical methods in medical research /
_c[by] P. Armitage.
260 _aOxford :
_bBlackwell Scientific,
_c1971 [ Reprint 1977].
300 _a[iii]-xv, 504 p. :
_bill. ;
_c24 cm.
504 _aBibliography: p. 478-485.
650 0 _aMedicine
_xResearch
_xStatistical methods.
_9155175
650 0 _aBiometry.
_9155176
650 2 _aResearch
_xStatistics.
_9155177
650 0 _aStatistics.
_9155178
942 _2ddc
_cBK
999 _c51881
_d51881